Pokémon - Les attaques de Deoxys Forme Vitesse - Statistiques

Statistiques générales
  • Ce quiz a été pris 13 fois
  • Le résultat moyen est 11 sur 14
Statistiques - réponses
Niveaux Types Noms des attaques % Correct
Niveau 55 Psy Hâte
100%
Niveau 67 Psy Psycho Boost
100%
Niveau 31 Psy Psyko
100%
Niveau 7 Spectre Ombre Nocturne
88%
Niveau 19 Ténèbres Sabotage
88%
Niveau 73 Normal Vitesse Extrême
88%
Départ Normal Groz'Yeux
75%
Départ Normal Ligotage
75%
Niveau 25 Poison Pics Toxik
75%
Niveau 49 Psy Psykoud'Boul
75%
Niveau 61 Normal Soin
75%
Niveau 37 Normal Météores
63%
Niveau 43 Psy Échange Psy
50%
Niveau 13 Normal Reflet
50%
Aucun quiz correspondant
Distribution des résultats
% des personnes avec chaque résultat
Percentile par nombre de réponses
Votre historique - résultats
Vous n’avez pas pris ce quiz